[Event "Challenger apbarret"]
[Site "http://www.queenalice.com/game.php?id=673601"]
[Date "2009.10.27"]
[Round "-"]
[White "apbarret"]
[Black "Pokerchess"]
[Result "0-1"]
[WhiteElo "2404"]
[BlackElo "2283"]

1. e4 c5 2. Nf3 Nc6 3. d4 cxd4 4. Nxd4 e5 5. Nb5 d6 6. N1c3 a6 7. Na3 Nf6 8. Bg5
Be6 9. Nc4 Rc8 10. Bxf6 gxf6 11. Ne3 Bh6 12. Bd3 Bxe3 13. fxe3 Qb6 14. Qc1 Rg8
15. Kf2 Ke7 16. Rd1 h5 17. Be2 Na5 18. Rd3 h4 19. b3 Nc6 20. a3 Nb8 21. Qb2 Nd7
22. Rad1 Rc6 23. R3d2 h3 24. g3 Rgc8 25. Na4 Qa5 26. c4 b5 27. Nc3 bxc4 28. b4
Qc7 29. Qc2 Qb7 30. Bf3 a5 31. b5 Rb6 32. a4 Nc5 33. Rf1 Nd3+ 34. Kg1 Qa7 0-1

[Event "AUTO-ELITE-444"]
[Site "http://www.queenalice.com/game.php?id=683673"]
[Date "2009.11.15"]
[Round "1"]
[White "Pokerchess"]
[Black "sical"]
[Result "0-1"]
[WhiteElo "2290"]
[BlackElo "2459"]

1. e4 c5 2. Nf3 e6 3. d4 cxd4 4. Nxd4 Nc6 5. Nc3 a6 6. Be3 Qc7 7. Be2 Nf6 8. O-O
Be7 9. f4 d6 10. Nxc6 bxc6 11. Qe1 O-O 12. Qg3 Rb8 13. Rab1 Nd7 14. Bd4 Bf6 15.
Bxf6 Nxf6 16. b4 a5 17. bxa5 Rxb1 18. Rxb1 Qxa5 19. Qe3 e5 20. f5 Re8 21. g4 d5
22. exd5 cxd5 23. Rb5 Qd8 24. Qb6 d4 25. Qxd8 Rxd8 26. Nd1 Re8 27. Rb8 h5 28. g5
Bxf5 29. Rxe8+ Nxe8 30. c3 d3 31. Bxh5 g6 32. Bf3 e4 33. Bg2 Nd6 34. Kf2 Bg4 35.
Nb2 d2 0-1

[Event "AUTO-ELITE-444"]
[Site "http://www.queenalice.com/game.php?id=683674"]
[Date "2009.11.15"]
[Round "1"]
[White "sical"]
[Black "Pokerchess"]
[Result "1-0"]
[WhiteElo "2458"]
[BlackElo "2265"]

1. e4 e5 2. Nf3 Nf6 3. d4 Nxe4 4. Bd3 d5 5. Nxe5 Nd7 6. Nxd7 Bxd7 7. O-O Bd6 8.
c4 c6 9. cxd5 cxd5 10. Qh5 O-O 11. Qxd5 Bc6 12. Qh5 g6 13. Qh3 Rc8 14. Bxe4 Bxe4
15. Nc3 Bf5 16. Qf3 Qh4 17. g3 Qxd4 18. Rd1 Qc5 19. Bh6 Rfd8 20. g4 Qe5 21. Rxd6
Qxd6 22. gxf5 Qe5 23. fxg6 hxg6 24. Qxb7 Rb8 25. Qxa7 Rd4 26. Be3 Rg4+ 27. Kh1
Rxb2 28. Qc5 Qxc5 29. Bxc5 Rc2 30. Nd5 Ra4 31. Be3 Rcxa2 32. Rxa2 Rxa2 33. Kg2
Ra5 34. Nf6+ Kf8 35. Bc5+ Kg7 36. Ne8+ Kg8 37. Bd6 1-0

[Event "AUTO-ELITE-444"]
[Site "http://www.queenalice.com/game.php?id=683675"]
[Date "2009.11.15"]
[Round "1"]
[White "Pokerchess"]
[Black "Cyborg"]
[Result "1/2-1/2"]
[WhiteElo "2300"]
[BlackElo "2332"]

1. e4 e6 2. d4 d5 3. Nd2 Nf6 4. e5 Nfd7 5. Bd3 c5 6. c3 Nc6 7. Ne2 cxd4 8. cxd4
Qb6 9. Nf3 Bb4+ 10. Bd2 f6 11. exf6 Nxf6 12. O-O Bd7 13. Ne5 O-O 14. Be3 Qd8 15.
a3 Bd6 16. f4 Rc8 17. Rc1 Qb6 18. Qd2 Ne7 19. Nxd7 Nxd7 20. Nc3 Nf6 21. Bf2 Ng4
22. Qe2 Bxf4 1/2-1/2

[Event "AUTO-ELITE-444"]
[Site "http://www.queenalice.com/game.php?id=683676"]
[Date "2009.11.15"]
[Round "1"]
[White "Cyborg"]
[Black "Pokerchess"]
[Result "1-0"]
[WhiteElo "2353"]
[BlackElo "2212"]

1. d4 d5 2. Nf3 c6 3. c4 Nf6 4. Nc3 dxc4 5. a4 Bf5 6. e3 Be6 7. Ne5 Nbd7 8. Nxc4
g6 9. Be2 Bg7 10. e4 O-O 11. d5 cxd5 12. exd5 Bf5 13. g4 Nxg4 14. Bxg4 Bxg4 15.
Qxg4 Bxc3+ 16. bxc3 Nf6 17. Qf4 Qxd5 18. O-O Rac8 19. Ne3 Qh5 20. Ba3 Rce8 21.
Rfe1 Nd7 22. Ng4 f5 23. Nh6+ 1-0

[Event "AUTO-ELITE-453"]
[Site "http://www.queenalice.com/game.php?id=690989"]
[Date "2009.11.30"]
[Round "1"]
[White "PunditJi"]
[Black "Pokerchess"]
[Result "1-0"]
[WhiteElo "2339"]
[BlackElo "2301"]

1. d4 Nf6 2. c4 c5 3. d5 e6 4. Nc3 exd5 5. cxd5 Bd6 6. Nf3 O-O 7. e4 Re8 8. Bd3
Na6 9. O-O Nb4 10. Bb1 Qa5 11. a3 b5 12. Re1 Ng4 13. e5 Bxe5 14. Bd2 Bb7 15.
axb4 Qb6 16. Nxe5 Nxe5 17. Be3 a6 18. bxc5 Qd8 19. Bd4 Ng6 20. Be4 b4 21. Na4
Qg5 22. Nb6 Rad8 23. g3 h6 24. Kf1 h5 25. h4 Qh6 26. Nc4 Rxe4 27. Rxe4 f5 28.
Be3 Qh7 29. Rd4 Rb8 30. Nd6 1-0

[Event "AUTO-ELITE-453"]
[Site "http://www.queenalice.com/game.php?id=690990"]
[Date "2009.11.30"]
[Round "1"]
[White "Pokerchess"]
[Black "PunditJi"]
[Result "0-1"]
[WhiteElo "2283"]
[BlackElo "2378"]

1. e4 c6 2. d4 g6 3. Nf3 Bg7 4. Bd3 d6 5. h3 Nf6 6. Nc3 O-O 7. O-O Nbd7 8. Be3
e5 9. Qd2 Re8 10. Rae1 exd4 11. Bxd4 b5 12. a3 a5 13. Qf4 b4 14. axb4 axb4 15.
Nb1 c5 16. Be3 d5 17. Bd2 c4 18. Bxc4 dxc4 19. Bxb4 Nh5 20. Qe3 Bb7 21. Nbd2
Bxb2 22. c3 Nb6 23. Qh6 Qc7 24. e5 f5 25. e6 Nd5 26. Bd6 Qxd6 27. Nxc4 Qc7 28.
Nxb2 Ndf4 0-1

[Event "AUTO-ELITE-453"]
[Site "http://www.queenalice.com/game.php?id=690993"]
[Date "2009.11.30"]
[Round "1"]
[White "sical"]
[Black "Pokerchess"]
[Result "1-0"]
[WhiteElo "2455"]
[BlackElo "2273"]

1. e4 c5 2. c3 d5 3. exd5 Qxd5 4. d4 cxd4 5. cxd4 Qe6+ 6. Be3 Nf6 7. Nc3 Qb6 8.
Bb5+ Bd7 9. d5 Qa5 10. Bxd7+ Nbxd7 11. Qb3 Nb6 12. Bxb6 Qxb6 13. Qxb6 axb6 14.
Nf3 Rd8 15. O-O-O g6 16. Rhe1 Bh6+ 17. Kc2 Bf4 18. Ne5 Rc8 19. d6 Bxe5 20. Rxe5
e6 21. Re3 Rc5 22. b4 Rf5 23. f3 Rh5 24. h3 Kd7 25. Kb3 Rc8 26. a4 Rh4 27. Red3
Rc6 28. b5 Rc8 29. R1d2 Ra8 30. Re3 Rh8 31. Ne4 Nd5 32. Red3 f6 33. Rd4 Rf4 34.
R2d3 1-0

[Event "AUTO-ELITE-453"]
[Site "http://www.queenalice.com/game.php?id=690994"]
[Date "2009.11.30"]
[Round "1"]
[White "Pokerchess"]
[Black "sical"]
[Result "0-1"]
[WhiteElo "2244"]
[BlackElo "2462"]

1. d4 Nf6 2. c4 g6 3. Nc3 Bg7 4. Nf3 d6 5. g3 O-O 6. Bg2 Nbd7 7. O-O e5 8. dxe5
dxe5 9. Bg5 h6 10. Be3 c6 11. Qc1 Kh7 12. Rd1 Qc7 13. h3 Nh5 14. Nh4 f5 15. Qc2
e4 16. Nxe4 fxe4 17. Bxe4 Kg8 18. Bxg6 Ndf6 19. Bc5 Bxh3 20. Bd6 Qa5 21. c5 Be6
22. Nf5 Qb4 23. e4 Bxf5 24. Bxf5 Nh7 25. Bxf8 Nxf8 26. Rab1 Bd4 27. a3 Qxc5 28.
Qb3+ Kh8 29. Kg2 Rb8 30. Rh1 Nf6 31. Rbc1 Qb6 32. Qf7 Ng8 33. b3 Bg7 34. Rh4 Qd4
35. Rf4 Qe5 0-1

[Event "Let's Play Chess!"]
[Site "http://www.queenalice.com/game.php?id=691952"]
[Date "2009.12.2"]
[Round "-"]
[White "Conde7"]
[Black "Pokerchess"]
[Result "1-0"]
[WhiteElo "2625"]
[BlackElo "2266"]

1. e4 e6 2. d4 d5 3. e5 c5 4. c3 Nc6 5. Nf3 cxd4 6. cxd4 Qb6 7. Nc3 Nge7 8. Na4
Qd8 9. Bd3 Nf5 10. Be3 Be7 11. O-O O-O 12. Rc1 Qc7 13. a3 h6 14. Nc3 Nxe3 15.
fxe3 Bd7 16. Bb1 Qb6 17. Qd3 g6 18. e4 dxe4 19. Nxe4 Rad8 20. Qe3 Be8 21. Rfd1
f5 22. exf6 Bxf6 23. Nc5 Bf7 24. b4 Bg7 25. Qe4 e5 26. dxe5 Rxd1+ 27. Rxd1 Nxe5
28. Nxe5 Re8 29. Rd5 1-0

[Event "Let's Play Chess!"]
[Site "http://www.queenalice.com/game.php?id=691953"]
[Date "2009.12.2"]
[Round "-"]
[White "Pokerchess"]
[Black "Conde7"]
[Result "0-1"]
[WhiteElo "2274"]
[BlackElo "2632"]

1. d4 Nf6 2. c4 e6 3. Nc3 b6 4. e4 Bb7 5. e5 Ne4 6. Nf3 Nxc3 7. bxc3 d6 8. Be2
Nd7 9. O-O dxe5 10. Nxe5 Nxe5 11. dxe5 Qxd1 12. Rxd1 Bc5 13. Rd3 h6 14. Be3 Bxe3
15. Rxe3 O-O-O 16. a4 Rd2 17. a5 Rhd8 18. h4 a6 19. h5 R8d7 20. Kf1 bxa5 21.
Rxa5 Rc2 22. Ra1 Rdd2 23. Rd1 a5 24. Ke1 Rxd1+ 25. Kxd1 Ra2 26. Rg3 a4 27. c5 a3
28. Rg4 Rb2 29. Bc4 Rxf2 0-1

[Event "AUTO-OPEN-1680"]
[Site "http://www.queenalice.com/game.php?id=718274"]
[Date "2010.1.22"]
[Round "2"]
[White "Pokerchess"]
[Black "Raimundo"]
[Result "0-1"]
[WhiteElo "2226"]
[BlackElo "2164"]

1. e4 c6 2. d4 d5 3. f3 e6 4. Nc3 Bb4 5. Be2 Ne7 6. a3 Qa5 7. Bd2 Bxc3 8. Bxc3
Qc7 9. Qd2 O-O 10. Nh3 Nd7 11. O-O c5 12. Rad1 cxd4 13. Bxd4 a5 14. exd5 Nxd5
15. c4 N5f6 16. Nf2 b6 17. Bc3 Ba6 18. Qg5 h6 19. Qd2 Rfc8 20. Rc1 e5 21. Rfe1
Bxc4 22. Bxc4 Qxc4 23. Bxe5 Qd5 0-1

[Event "AUTO-OPEN-1680"]
[Site "http://www.queenalice.com/game.php?id=718275"]
[Date "2010.1.22"]
[Round "2"]
[White "Raimundo"]
[Black "Pokerchess"]
[Result "1-0"]
[WhiteElo "2149"]
[BlackElo "2259"]

1. d4 Nf6 2. c4 c5 3. e3 g6 4. Nf3 Bg7 5. Nc3 O-O 6. g3 cxd4 7. Nxd4 d5 8. cxd5
Nxd5 9. Nxd5 Qxd5 10. Qf3 Qd6 11. Be2 Qb4+ 12. Bd2 Qxb2 13. Rd1 Bxd4 14. exd4
Qxa2 15. O-O Nc6 16. Bc3 f6 17. Rd2 Qa3 18. Qe3 b5 19. Bxb5 Qd6 20. Bxc6 Qxc6
21. d5 Qc7 22. Rc1 Qd7 23. Re1 a5 24. Qxe7 1-0

[Event "AUTO-MASTER-905"]
[Site "http://www.queenalice.com/game.php?id=722577"]
[Date "2010.1.30"]
[Round "2"]
[White "amand"]
[Black "Pokerchess"]
[Result "1/2-1/2"]
[WhiteElo "2302"]
[BlackElo "2281"]

1. e4 c5 2. f4 e6 3. Nf3 Nc6 4. d4 Nxd4 5. Nxd4 cxd4 6. Qxd4 Nf6 7. Nc3 b6 8.
Be3 Bc5 9. Qd3 Ba6 10. Qxa6 Bxe3 11. Be2 Bxf4 12. O-O Qc7 13. h3 1/2-1/2

[Event "AUTO-MASTER-905"]
[Site "http://www.queenalice.com/game.php?id=722578"]
[Date "2010.1.30"]
[Round "2"]
[White "Pokerchess"]
[Black "amand"]
[Result "0-1"]
[WhiteElo "2239"]
[BlackElo "2221"]

1. e4 e6 2. d4 d5 3. Nc3 dxe4 4. Nxe4 Nd7 5. Nf3 Ngf6 6. Nxf6+ Nxf6 7. Bd3 Be7
8. O-O O-O 9. Qe2 b6 10. Bf4 Bb7 11. Rad1 Bd6 12. Ne5 Nd5 13. Bg3 f6 14. Qh5 f5
15. Rfe1 Nf6 16. Qh3 Nd7 17. Bc4 Bd5 18. Bxd5 exd5 19. Nc6 Qf6 0-1

[Event "AUTO-MASTER-905"]
[Site "http://www.queenalice.com/game.php?id=722580"]
[Date "2010.1.30"]
[Round "2"]
[White "Pokerchess"]
[Black "boydelta"]
[Result "1/2-1/2"]
[WhiteElo "2278"]
[BlackElo "2295"]

1. e4 e6 2. d4 d5 3. Nc3 dxe4 4. Nxe4 Nd7 5. Nf3 Ndf6 6. Nxf6+ Nxf6 7. Bd3 h6 8.
O-O c5 9. Be3 cxd4 10. Bxd4 Bd7 1/2-1/2

[Event "AUTO-OPEN-1664"]
[Site "http://www.queenalice.com/game.php?id=761175"]
[Date "2010.4.14"]
[Round "2"]
[White "Pokerchess"]
[Black "miah14"]
[Result "0-1"]
[WhiteElo "2183"]
[BlackElo "2438"]

1. e4 c5 2. Nf3 Nc6 3. d4 cxd4 4. Nxd4 Nf6 5. Nc3 d6 6. b4 e6 7. Nxc6 bxc6 8. a3
d5 9. Bf4 Nxe4 10. Bd2 Nxd2 11. Qxd2 Bd6 12. O-O-O a5 0-1

[Event "AUTO-OPEN-1664"]
[Site "http://www.queenalice.com/game.php?id=761176"]
[Date "2010.4.14"]
[Round "2"]
[White "miah14"]
[Black "Pokerchess"]
[Result "1-0"]
[WhiteElo "2441"]
[BlackElo "2179"]

1. c4 c5 2. Nf3 Nf6 3. e3 g6 4. d4 Bg7 5. Nc3 Qa5 6. Bd2 d6 7. Nd5 Qd8 8. dxc5
dxc5 9. Qa4+ Bd7 10. Qb3 O-O 11. Bc3 Bc6 12. O-O-O Nbd7 13. Nxf6+ 1-0